• 首页
  • 本馆介绍
  • 公告通知
  • 最新文献
  • 馆藏检索
  • 电子资源
  • 读者导购
  • 参考咨询
  • 我的图书馆
  • 登录
  • 详细信息显示
  • 放入我的书架
  • 预约/预借图书
  • 作者相关作品
  • 分类相关作品
  • 丛书相关作品
  • 出版社相关作品

书目信息

  • 表格格式
  • 工作单格式
  • 卡片格式
题名:
管理会计应用与发展的典型案例研究
    
 
作者: 冯巧根 主编
分册:  
出版信息: 北京   经济科学出版社  2002
页数: 395页
开本: 20cm
丛书名: 财政部重点会计科研课题系列丛书(2002)
单 册:
中图分类: F234.3
科图分类:
主题词: 管理会计--案例--研究
电子资源:
ISBN: 7-5058-3061-9
000 00893nam0 2200229 45
001 0311180915
005 20031219104121.7
010    @a7-5058-3061-9@dCNY23.20
100    @a20031118d2002 km y0chiy0120 ea
101 0  @achi
105    @a z 000yy
200 1  @a管理会计应用与发展的典型案例研究@AGuan Li Kuai Ji Ying Yong Yu Fa ZhanDe Dian Xing An Li Yan Jiu@e一种理论与实践综合的视角@EYi Zhong Li Lun Yu Shi Jian Zong He De Shi Jiao@f冯巧根主编@FFeng Qiao Gen Zhu Bian
210    @a北京@c经济科学出版社@d2002
215    @a395页@d20cm
225    @a财政部重点会计科研课题系列丛书(2002)
410    @12001 @a财政部重点会计科研课题系列丛书(2002)
517    @a一种理论与实践综合的视角@AYi Zhong Li Lun Yu Shi Jian Zong He De Shi Jiao
606 0  @a管理会计@x案例@x研究
690    @aF234.3@v4
701    @a冯巧根@4主编
801    @aCN@bTSTC@c20031118
905    @b328451-455@dF234.3@e127@f5
    
    管理会计应用与发展的典型案例研究:一种理论与实践综合的视角/冯巧根主编.-北京:经济科学出版社,2002
    395页;20cm.-(财政部重点会计科研课题系列丛书(2002))
    
    
    ISBN 7-5058-3061-9:CNY23.20
    
●
相关链接 在E读中查询图书 在五车中查询图书 在当当中查询图书 在豆瓣中查询图书


正题名:管理会计应用与发展的典型案例研究     索取号:F234.3/127         预约/预借

序号 登录号 条形码 馆藏地/架位号 状态 备注
1 0328451   203284515   第一借阅区/ [索取号:F234.3/127] 在馆    
2 0328452   203284524   第一借阅区/ [索取号:F234.3/127] 在馆    
3 0328453   203284533   第一借阅区/ [索取号:F234.3/127] 在馆    
4 0328454   203284542   第一借阅区/ [索取号:F234.3/127] 在馆    
5 0328455   203284551   第一样本阅览室/ [索取号:F234.3/127] 在馆    
唐山师范学院图书馆 欢迎您!
大连网信软件有限公司© 版权所有